Szczegóły MARC21

Polsko-rosyjsko-ukraiński słownik języka oficjalno-urzędowego = Pol'sko-russko-ukrainskij slovar' delovoj reči = Pol's'ko-rosìjs'ko-ukraïns'kij slovnik dìlovogo movlenija /

003 -Nazwa inst., której nr kontr. jest w polu 001 [,]
    • @
    • Nazwa instytucji, której n kontrolny jest w polu 001
    • NUKAT
005 -DATA I CZAS OSTATNIEJ MODYFIKACJI [,]
    • @
    • pole kontrolne
    • 20260401171825.0
020 -Międzynarod. znormalizowany nr książki - ISBN [ , ]
    • a
    • Numer ISBN
    • 593786039X Find
040 -Instytucja sporządzająca opis [ , ]
    • a
    • Instytucja, która sporządziła opis (NP)
    • WA U/JS
    • c
    • Instytucja, która sporządziła rekord (NP)
    • WA U/JS
    • d
    • Instytucja, która zmodyfikowała rekord (P)
    • WA U/JL
    • d
    • Instytucja, która zmodyfikowała rekord (P)
    • LUBL U/ABi
041 -Język dokumentu [0, ]
    • a
    • Język tekstu (P)
    • polski
    • a
    • Język tekstu (P)
    • rosyjski
    • a
    • Język tekstu (P)
    • ukraiński
942 -Rodzaj dokumentu [ , ]
    • c
    • Rodzaj dokumentu
    • Książka
100 -Hasło główne - nazwa osobowa [1, ]
    • a
    • Nazwa osobowa (NP)
    • Alekseenko, Mihail Andreevič
    • d
    • Daty biograficzne (NP)
    • (1942-2020).
    • 9
    • KHW
    • 21145
245 -Strefa tytułu i oznaczenia odpowiedzialności [1,0]
    • a
    • Tytuł
    • Polsko-rosyjsko-ukraiński słownik języka oficjalno-urzędowego = Find
    • b
    • Ciąg dalszy tytułu (NP)
    • Pol'sko-russko-ukrainskij slovar' delovoj reči = Pol's'ko-rosìjs'ko-ukraïns'kij slovnik dìlovogo movlenija / Find
    • c
    • Pozostałe elementy strefy tytułu i oznaczenia odpowiedzialności (NP)
    • Michaił Aleksiejenko ; Institut Russkogo Jazyka RAN im. V. V. Vinogradova, Ščecinskij Universitet. Institut Slavjanskoj Filologii.
246 -Wariant tytułu [3,1]
    • a
    • Tytuł (NP)
    • Pol'sko-russko-ukrainskij slovar' delovoj reči
246 -Wariant tytułu [3,1]
    • a
    • Tytuł (NP)
    • Pol's'ko-rosìjs'ko-ukraïns'kij slovnik dìlovogo movlenija
260 -Strefa adresu wydawniczego [ , ]
    • a
    • Miejsce wydania (P)
    • Moskwa :
    • b
    • Nazwa wydawcy (P)
    • Azbukovnik,
    • c
    • Data wydania (P)
    • 2002.
300 -Strefa opisu fizycznego [ , ]
    • a
    • Określenie formy książki i/lub objętość (NP)
    • 774 s. ;
    • c
    • Format (NP)
    • 25 cm.
336 -Typ zawartości [ , ]
    • a
    • Termin opisujący typ zawartości
    • Tekst
    • b
    • Kod określający zawartość
    • txt
    • 2
    • Źródło (terminu i kodu)
    • rdacontent
337 -Typ mediów [ , ]
    • a
    • Tryb odtwarzania
    • Bez urządzenia pośredniczącego
    • b
    • Kod typu mediów
    • n
    • 2
    • Źródło (terminu i kodu)
    • rdamedia
338 -Typ/rodzaj nośnika [ , ]
    • a
    • Hasło opisujące typ nośnika
    • Wolumin
    • b
    • Kod typu nośnika
    • nc
    • 2
    • Źródło (terminu i kodu)
    • rdacarrier
546 -Uwaga dot. języka [ , ]
    • b
    • Uwaga dot. alfabetu
    • Alfabet cyryl.
080 -Uniwersalna Klasyfikacja Dziesiętna [ , ]
    • 2
    • Identyfikator wydania tablic
    • UDC-P058
    • a
    • Symbol klasyfikacji
    • 351/354
    • b
    • Dopowiedzenie
    • Administracja publiczna.
    • x
    • Poddział wspólny
    • (038)
    • b
    • Dopowiedzenie
    • Słowniki.
    • x
    • Poddział wspólny
    • =162.1
    • b
    • Dopowiedzenie
    • =Język polski.
    • x
    • Poddział wspólny
    • =161.1
    • b
    • Dopowiedzenie
    • =Język rosyjski.
    • x
    • Poddział wspólny
    • =161.2
    • b
    • Dopowiedzenie
    • =Język ukraiński.
650 -Hasło przedmiotowe [ ,7]
    • a
    • Hasło przedmiotowe
    • Przedsiębiorczość (ekonomia)
    • v
    • Określnik formalny
    • słowniki wielojęzyczne.
    • 2
    • Źródło terminu
    • kaba
    • 9
    • KHW
    • 562821
650 -Hasło przedmiotowe [ ,7]
    • a
    • Hasło przedmiotowe
    • Ekonomia
    • v
    • Określnik formalny
    • słowniki wielojęzyczne.
    • 2
    • Źródło terminu
    • kaba
    • 9
    • KHW
    • 351742
650 -Hasło przedmiotowe [ ,7]
    • a
    • Hasło przedmiotowe
    • Styl administracyjny.
    • 2
    • Źródło terminu
    • kaba
    • 9
    • KHW
    • 131519
980 -Symbol UKD [ , ]
    • a
    • UKD
    • 351/354(038)=162.1=161.1=161.2
920 -ISBN [ , ]
    • a
    • ISBN
    • 5-937860-39-X Find
Sygnatura Numer inwentarzowy Uwagi nie widoczne w OPAC Status udost. Lokalizacja Data inwentaryzacji
 Z.104455przepisany2BG2005-04-12
Z.107412Z.107412podr.słowniki dwujęzyczne1BG2007-01-04
ROS. Słowniki dziedzinowe 13P.19357przepisany1BM2004-09-10